La cabaña en el árbol / (Registro nro. 11918)

Detalles MARC
000 -LIDER
fixed length control field 01029nam a22003257a 4500
001 - NÚMERO DE CONTROL
Identificador de número de control 000688
003 - IDENTIFICACDOR DE NÚMERO DE CONTROL
control field DO-SdBNP
005 - DATE AND TIME OF LATEST TRANSACTION
control field 20180209085301.0
007 - CAMPOS FIJOS DE DESCRIPCIÓN FÍSICA
fixed length control field 000688
008 - ELEMENTOS DE LONGITUD FIJA
fixed length control field 161111b 2007 uy a ||||| |||| 00| 0 spa d
020 ## - ISBN
International Standard Book Number 9681910265
040 ## - FUENTE DE CATALOGACIÓN
Agencia que crea de manera original el registro BPMSU
Idioma de catalogación spa
Agencia que realiza la transcripción BPMSU
082 ## - NÚMERO DE CLASIFICACIÓN DECIMAL DE DEWEY
Classification number xxxx
Item number xxxx
100 1# - ASIENTO PRINCIPAL -- NOMBRE PERSONAL
Nombre personal Cross, Gillian
Fechas asociadas con el nombre 1945-
240 1# - TITULO UNIFORME
Título uniforme The Tree house.
Idioma de una obra Español
245 10 - MENCIÓN DE TITULO
Título La cabaña en el árbol /
Mención de responsabilidad Gillian Cross ; traducción de Herminia Bevia ; ilustraciones de Paul Howard.
250 ## - MENCIÓN DE EDICION
Mención de edición 7ª reimp.
260 ## - PUBLICACIÓN, DISTRIBUCIÓN, ETC. (PIE DE IMPRENTA)
Lugar de publicación, distribución, etc Uruguay :
Nombre del editor, distribuidor, etc. Alfaguara,
Fecha de publicación, distribución, etc 2009.
300 ## - DESCRIPCIÓN FÍSICA
Extensión 107 p. :
Otros detalles físicos il. ;
Dimensiones 19 cm.
490 1# - MENCIÓN DE SERIES
Mención de serie Alfaguara infantil
500 ## - NOTA GENERAL
Nota general Para niños a partir de los 8 años.
500 ## - NOTA GENERAL
Nota general Traducción de: The Tree house.
500 ## - NOTA GENERAL
Nota general Septima reimpresión: marzo de 2009
700 1# - ASIENTO SECUNDARIO -- NOMBRE PERSONAL
Nombre personal Howard, Paul,
Mención de responsabilidad il.
700 1# - ASIENTO SECUNDARIO -- NOMBRE PERSONAL
Nombre personal Bevia, Herminia,
Mención de responsabilidad tr.
830 #0 - ASIENTO SECUNDARIO DE SERIE--TÍTULO UNIFORME
Título uniforme Alfaguara infantil
942 ## - ADDED ENTRY ELEMENTS (KOHA)
Source of classification or shelving scheme Dewey Decimal Classification
Koha item type Libros
945 ## - INFORMACIÓN DE PROCESAMIENTO LOCAL
Información de procesamiento local inventariado, 2018 / dg
956 ## - LOCAL ELECTRONIC LOCATION AND ACCESS (OCLC)
Método de acceso LOPEREZ
Materiales especificados 10
Enlace 20161111
Campo enlazado y núm. de secuencia BPMSU
Nombre de host 00041
Existencias
Withdrawn status Lost status Source of classification or shelving scheme Damaged status Not for loan Collection code Home library Current library Date acquired Source of acquisition Total Checkouts Full call number Barcode Date last seen Price effective from Koha item type
    Dewey Decimal Classification     Colección Infantil General Biblioteca Pública Metropolitana Salomé Ureña Biblioteca Pública Metropolitana Salomé Ureña 11/11/2016 Alfaguara   xxxx xxxx BPMSU16111233 11/11/2016 11/11/2016 Libros